000 00730na a2200229 4500
001 21058
003 MIRAKIL
005 20181213154943.0
008 170131b tu 000 0
040 _aMilas
_btur
_cTR-AnCHP
041 _atur
082 _a658.542
_bK96 1997
090 _a658.542 K96 1997
245 _aKüresel eğilimler ve Türk çalışma hayatı
_cTİSK
260 _aAnkara
_bTİSK
_c1997
_fAjans-Türk Matbaacılık Sanayii A.Ş
300 _a72 s.
_btbl.
_c22 sm.
490 _aTürkiye İşveren Sendikaları Konfederasyonu
_v164
650 _aİş yaşamı
_xDünya
650 _aTürkiye
_xÇalışma yaşamı
710 _aTürkiye İşveren Sendikaları Konfederasyonu (TİSK)
942 _2ddc
_cBKS
999 _c3806
_d3806